00740nam a2200253Ia 4500003001000000005001700010008004100027020001500068040001000083040001600093080001800109245006700127250001200194260001700206260001300223260000900236300001100245300001100256650002100267650003100288942001200319999001300331952014200344AR-RoIUNI20181122154835.0150616s9999 xx 000 0 und d a9872168725 cIUNIR dOCLCcIUNIR a616-053.2 MAN1 aManual de Prevención de AccidentescIñón, Alberto y col. a2a. ed. aBuenos Aires bFundasap c2005 a104 p. c26 cm.109125aPediatría10aPrevención de accidentes cBK2cdu c697d697 00102cdu40708MEDaIUNIRSCbIUNIRSCcIUNIRSCd2015-06-16i698l1o616-053.2 MANp698cr2020-06-18 00:00:00s2020-03-10w2015-06-16yBK